Zmeny zákona o miestnych daniach v roku 2014
Zákon č. 582/2004 Z.z. o miestnych daniach a miestnom poplatku za komunálne odpady a drobné stavebné odpady v znení neskorších predpisov bol v roku 2014 novelizovaný zákonom 268/2014 Z.z. a zákonom z 30.10.2014, ktorým sa mení a dopĺňa zákon č. 595/2003 Z.z. o dani z príjmov.
Guardado en:
| Autor principal: | |
|---|---|
| Formato: | Capítulo de libro |
| Lenguaje: | eslovaco |
| Materias: | |
| Etiquetas: |
Sin Etiquetas, Sea el primero en etiquetar este registro!
|
MARC
| LEADER | 00000naa a2200000 4500 | ||
|---|---|---|---|
| 001 | 0196133 | ||
| 005 | 20231114104041.6 | ||
| 041 | 0 | |a slo | |
| 044 | |a SK | ||
| 245 | 1 | 0 | |a Zmeny zákona o miestnych daniach v roku 2014 |c Mária Vargová |
| 520 | |a Zákon č. 582/2004 Z.z. o miestnych daniach a miestnom poplatku za komunálne odpady a drobné stavebné odpady v znení neskorších predpisov bol v roku 2014 novelizovaný zákonom 268/2014 Z.z. a zákonom z 30.10.2014, ktorým sa mení a dopĺňa zákon č. 595/2003 Z.z. o dani z príjmov. | ||
| 610 | 2 | 0 | |a dane miestne |
| 610 | 2 | 0 | |a úpravy právne |
| 610 | 2 | 0 | |a Slovensko |
| 610 | 2 | 0 | |a 2014 |
| 100 | 1 | |a Vargová, Mária | |